| 000 | 00397cam a2200169ua 4500 | ||
|---|---|---|---|
| 020 | _c1.25 | ||
| 041 |
_amal _h |
||
| 082 |
_a894.8122 _bPAV/VI |
||
| 100 | _aPavana, Norbert . | ||
| 245 |
_aVilangukal / _cNorbert Pavana. _hTextual Documents |
||
| 260 |
_aThrissur : _bCurrent Books , _c1958. |
||
| 300 | _a112 ; . | ||
| 365 | _a1.25 | ||
| 504 | _a | ||
| 942 | _cBK | ||
| 999 |
_c1174 _d1174 |
||